[Event "45th FIDE Chess Olympiad Open"]
[Site "Budapest, Hungary"]
[Date "2024.09.21"]
[Round "10"]
[White "Moncur, Cecil"]
[Black "D`Amico, Nicola"]
[Result "1/2-1/2"]
[Board "321"]
[WhiteFideId "10400583"]
[BlackFideId "11800437"]
[WhiteTitle "FM"]
[WhiteElo "1839"]
[BlackElo "1801"]
[WhiteTeam "Bahamas"]
[BlackTeam "San Marino"]
[WhiteClock "0:30:00"]
[BlackClock "0:19:41"]
[Variant "Standard"]

1. d4 {[%clk 1:30:54]}  f5 {[%clk 1:30:51]} 2. e4 {[%clk 1:31:02]}  fxe4 {[%clk 1:30:23]} 3. Nc3 {[%clk 1:31:27]}  Nf6 {[%clk 1:19:31]} 4. Bg5 {[%clk 1:31:52]}  g6 {[%clk 1:18:55]} 5. h4 {[%clk 1:32:03]}  d5 {[%clk 1:13:04]} 6. h5 {[%clk 1:28:24]}  Bg7 {[%clk 1:06:09]} 7. h6 {[%clk 1:28:29]}  Bf8 {[%clk 1:04:40]} 8. f3 {[%clk 1:28:00]}  Nc6 {[%clk 0:42:33]} 9. Qd2 {[%clk 1:17:46]}  exf3 {[%clk 0:37:45]} 10. gxf3 {[%clk 1:17:32]}  Bf5 {[%clk 0:35:39]} 11. O-O-O {[%clk 1:11:39]}  Qd7 {[%clk 0:35:31]} 12. Bxf6 {[%clk 1:05:53]}  exf6 {[%clk 0:35:23]} 13. Re1+ {[%clk 1:06:21]}  Be7 {[%clk 0:32:09]} 14. Bb5 {[%clk 1:05:42]}  O-O-O {[%clk 0:31:14]} 15. Nxd5 {[%clk 0:56:17]}  Qxd5 {[%clk 0:30:14]} 16. Bxc6 {[%clk 0:56:37]}  Qxc6 {[%clk 0:30:25]} 17. Rxe7 {[%clk 0:55:13]}  Rxd4 {[%clk 0:30:13]} 18. Qe2 {[%clk 0:50:51]}  Bxc2 {[%clk 0:27:35]} 19. Qe6+ {[%clk 0:47:27]}  Qxe6 {[%clk 0:27:26]} 20. Rxe6 {[%clk 0:47:29]}  Bf5 {[%clk 0:26:21]} 21. Rxf6 {[%clk 0:46:56]}  Rhd8 {[%clk 0:25:53]} 22. Ne2 {[%clk 0:44:54]}  Rd2 {[%clk 0:24:33]} 23. Ng3 {[%clk 0:44:04]}  Rc2+ {[%clk 0:15:16]} 24. Kb1 {[%clk 0:43:55]}  Rh2+ {[%clk 0:15:15]} 25. Kc1 {[%clk 0:42:18]}  Rxh1+ {[%clk 0:14:43]} 26. Nxh1 {[%clk 0:42:12]}  b6 {[%clk 0:13:56]} 27. Nf2 {[%clk 0:39:59]}  Rd6 {[%clk 0:13:15]} 28. Rf7 {[%clk 0:39:39]}  Rd7 {[%clk 0:13:38]} 29. Rf8+ {[%clk 0:39:12]}  Kb7 {[%clk 0:13:54]} 30. Ng4 {[%clk 0:38:30]}  Bxg4 {[%clk 0:13:25]} 31. fxg4 {[%clk 0:38:40]}  Kc6 {[%clk 0:13:16]} 32. g5 {[%clk 0:38:33]}  Kd6 {[%clk 0:13:00]} 33. Kc2 {[%clk 0:36:50]}  Ke6 {[%clk 0:12:36]} 34. Rf6+ {[%clk 0:37:09]}  Ke7 {[%clk 0:12:37]} 35. Kc3 {[%clk 0:36:51]}  Rd6 {[%clk 0:11:56]} 36. Rf4 {[%clk 0:34:09]}  Rd5 {[%clk 0:10:59]} 37. Re4+ {[%clk 0:30:02]}  Kf7 {[%clk 0:11:04]} 38. Rf4+ {[%clk 0:28:30]}  Rf5 {[%clk 0:11:27]} 39. Rg4 {[%clk 0:28:40]}  Ke6 {[%clk 0:08:37]} 40. b4 {[%clk 0:28:13]}  c5 {[%clk 0:07:10]} 41. a3 {[%clk 0:23:28]}  Rf3+ {[%clk 0:03:57]} 42. Kb2 {[%clk 0:17:40]}  Kf5 {[%clk 0:03:34]} 43. Rg2 {[%clk 0:16:42]}  cxb4 {[%clk 0:03:12]} 44. axb4 {[%clk 0:17:00]}  Rf4 {[%clk 0:03:12]} 45. Kc3 {[%clk 0:16:36]}  b5 {[%clk 0:01:44]} 46. Ra2 {[%clk 0:12:54]}  Kxg5 {[%clk 0:00:48]} 47. Rxa7 {[%clk 0:12:10]}  Kxh6 {[%clk 0:01:00]} 48. Rb7 {[%clk 0:12:24]}  Rf5 {[%clk 0:01:13]} 49. Kd4 {[%clk 0:12:25]}  g5 {[%clk 0:30:22]} 50. Rc7 {[%clk 0:41:12]}  g4 {[%clk 0:30:22]} 51. Rc5 {[%clk 0:38:11]}  Kg5 {[%clk 0:24:39]} 52. Ke4 {[%clk 0:37:48]}  Rxc5 {[%clk 0:23:49]} 53. bxc5 {[%clk 0:38:05]}  b4 {[%clk 0:23:58]} 54. c6 {[%clk 0:37:38]}  b3 {[%clk 0:23:25]} 55. Kd3 {[%clk 0:37:05]}  b2 {[%clk 0:23:07]} 56. Kc2 {[%clk 0:36:52]}  b1=Q+ {[%clk 0:23:08]} 57. Kxb1 {[%clk 0:37:11]}  g3 {[%clk 0:23:31]} 58. c7 {[%clk 0:36:22]}  g2 {[%clk 0:23:53]} 59. c8=Q {[%clk 0:35:46]}  g1=Q+ {[%clk 0:24:12]} 60. Kb2 {[%clk 0:35:59]}  Qf2+ {[%clk 0:22:52]} 61. Kc1 {[%clk 0:33:32]}  Qe1+ {[%clk 0:21:45]} 62. Kc2 {[%clk 0:32:04]}  Qe2+ {[%clk 0:20:36]} 63. Kc1 {[%clk 0:32:06]}  h5 {[%clk 0:20:47]} 64. Qd8+ {[%clk 0:30:32]}  Kg4 {[%clk 0:20:19]} 65. Qd7+ {[%clk 0:30:19]}  Kg3 {[%clk 0:20:29]} 66. Qd6+ {[%clk 0:30:04]}  Kf2 {[%clk 0:20:22]} 67. Qh2+ {[%clk 0:29:45]}  Ke3 {[%clk 0:19:41]} 68. Qe5+ {[%clk 0:30:00]} 1/2-1/2

[Event "45th FIDE Chess Olympiad Open"]
[Site "Budapest, Hungary"]
[Date "2024.09.21"]
[Round "10"]
[White "Righi, Ezio"]
[Black "Ferguson, Joseph"]
[Result "1/2-1/2"]
[Board "322"]
[WhiteFideId "11800038"]
[BlackFideId "10400109"]
[WhiteTitle "FM"]
[WhiteElo "1909"]
[BlackElo "1797"]
[WhiteTeam "San Marino"]
[BlackTeam "Bahamas"]
[WhiteClock "0:26:46"]
[BlackClock "0:35:55"]
[Variant "Standard"]

1. e4 {[%clk 1:30:58]}  g6 {[%clk 1:30:38]} 2. d4 {[%clk 1:31:12]}  Bg7 {[%clk 1:31:02]} 3. Nc3 {[%clk 1:31:21]}  d6 {[%clk 1:31:06]} 4. Nf3 {[%clk 1:31:19]}  Nf6 {[%clk 1:31:03]} 5. h3 {[%clk 1:30:46]}  O-O {[%clk 1:30:40]} 6. Be3 {[%clk 1:31:02]}  b6 {[%clk 1:30:31]} 7. Bd3 {[%clk 1:26:14]}  Ba6 {[%clk 1:30:22]} 8. O-O {[%clk 1:25:09]}  Bxd3 {[%clk 1:26:35]} 9. Qxd3 {[%clk 1:25:13]}  e6 {[%clk 1:25:42]} 10. Rfe1 {[%clk 1:19:25]}  Qc8 {[%clk 1:20:40]} 11. Rad1 {[%clk 1:14:48]}  Nc6 {[%clk 1:17:13]} 12. a3 {[%clk 1:11:51]}  a6 {[%clk 1:12:08]} 13. Qd2 {[%clk 1:10:33]}  b5 {[%clk 1:12:10]} 14. Bg5 {[%clk 1:09:16]}  Nd7 {[%clk 1:07:57]} 15. Bh6 {[%clk 1:07:12]}  Nb6 {[%clk 1:00:10]} 16. b3 {[%clk 1:06:04]}  b4 {[%clk 0:59:36]} 17. axb4 {[%clk 1:06:13]}  Nxb4 {[%clk 0:59:51]} 18. Bxg7 {[%clk 1:05:36]}  Kxg7 {[%clk 0:58:21]} 19. Ne2 {[%clk 0:59:08]}  Nc6 {[%clk 0:57:44]} 20. d5 {[%clk 0:55:40]}  Ne7 {[%clk 0:56:43]} 21. dxe6 {[%clk 0:54:05]}  Qxe6 {[%clk 0:53:38]} 22. Qc3+ {[%clk 0:53:29]}  Kg8 {[%clk 0:49:25]} 23. Qxc7 {[%clk 0:53:27]}  Nec8 {[%clk 0:44:58]} 24. Ned4 {[%clk 0:45:38]}  Qf6 {[%clk 0:38:21]} 25. Qc6 {[%clk 0:40:42]}  Qd8 {[%clk 0:36:46]} 26. e5 {[%clk 0:37:49]}  d5 {[%clk 0:34:36]} 27. e6 {[%clk 0:35:30]}  Ne7 {[%clk 0:30:45]} 28. exf7+ {[%clk 0:35:09]}  Rxf7 {[%clk 0:28:24]} 29. Qe6 {[%clk 0:34:37]}  Qc8 {[%clk 0:27:48]} 30. Qxc8+ {[%clk 0:33:33]}  Nbxc8 {[%clk 0:28:06]} 31. Ng5 {[%clk 0:32:26]}  Rf6 {[%clk 0:27:20]} 32. Re5 {[%clk 0:31:10]}  Ra7 {[%clk 0:26:40]} 33. Rde1 {[%clk 0:30:35]}  h6 {[%clk 0:25:39]} 34. Nge6 {[%clk 0:28:26]}  Nd6 {[%clk 0:21:26]} 35. Nc5 {[%clk 0:26:41]}  Kf7 {[%clk 0:20:02]} 36. f3 {[%clk 0:24:54]}  Ndf5 {[%clk 0:17:30]} 37. Nxf5 {[%clk 0:24:40]}  Rxf5 {[%clk 0:17:50]} 38. Re6 {[%clk 0:21:12]}  a5 {[%clk 0:17:13]} 39. Na4 {[%clk 0:15:45]}  Rf6 {[%clk 0:16:15]} 40. Rxf6+ {[%clk 0:15:45]}  Kxf6 {[%clk 0:16:42]} 41. Re2 {[%clk 0:15:51]}  Rc7 {[%clk 0:13:08]} 42. Kf2 {[%clk 0:15:58]}  d4 {[%clk 0:12:57]} 43. Nb2 {[%clk 0:16:06]}  Nd5 {[%clk 0:12:49]} 44. Rd2 {[%clk 0:16:19]}  Ne3 {[%clk 0:06:56]} 45. Rxd4 {[%clk 0:12:25]}  Rxc2+ {[%clk 0:06:27]} 46. Kxe3 {[%clk 0:12:47]}  Rxb2 {[%clk 0:06:49]} 47. Rd6+ {[%clk 0:07:44]}  Kf7 {[%clk 0:06:36]} 48. Rb6 {[%clk 0:04:04]}  a4 {[%clk 0:06:40]} 49. b4 {[%clk 0:04:10]}  a3 {[%clk 0:06:58]} 50. Ra6 {[%clk 0:04:29]}  a2 {[%clk 0:05:53]} 51. g3 {[%clk 0:03:45]}  Rb3+ {[%clk 0:05:17]} 52. Ke2 {[%clk 0:03:32]}  Rb2+ {[%clk 0:05:42]} 53. Ke3 {[%clk 0:26:46]}  Rb3+ {[%clk 0:35:55]} 1/2-1/2

[Event "45th FIDE Chess Olympiad Open"]
[Site "Budapest, Hungary"]
[Date "2024.09.21"]
[Round "10"]
[White "Pride, Avian"]
[Black "Grassi, Enrico"]
[Result "1-0"]
[Board "323"]
[WhiteFideId "10401202"]
[BlackFideId "11800046"]
[BlackTitle "FM"]
[WhiteElo "1743"]
[BlackElo "1965"]
[WhiteTeam "Bahamas"]
[BlackTeam "San Marino"]
[WhiteClock "0:15:07"]
[BlackClock "0:58:42"]
[Variant "Standard"]

1. d4 {[%clk 1:30:46]}  Nf6 {[%clk 1:30:53]} 2. Nf3 {[%clk 1:31:01]}  c5 {[%clk 1:31:16]} 3. d5 {[%clk 1:31:10]}  d6 {[%clk 1:31:21]} 4. c4 {[%clk 1:31:21]}  b5 {[%clk 1:31:42]} 5. cxb5 {[%clk 1:30:50]}  a6 {[%clk 1:31:59]} 6. bxa6 {[%clk 1:30:32]}  g6 {[%clk 1:32:19]} 7. Nc3 {[%clk 1:30:50]}  Bg7 {[%clk 1:32:42]} 8. e4 {[%clk 1:31:03]}  O-O {[%clk 1:33:07]} 9. Be2 {[%clk 1:29:32]}  Bxa6 {[%clk 1:33:19]} 10. Bxa6 {[%clk 1:29:01]}  Nxa6 {[%clk 1:33:43]} 11. O-O {[%clk 1:27:40]}  Qb6 {[%clk 1:34:05]} 12. a3 {[%clk 1:21:22]}  Rfb8 {[%clk 1:34:05]} 13. Re1 {[%clk 1:19:57]}  Nd7 {[%clk 1:34:13]} 14. Re2 {[%clk 1:19:45]}  Qb3 {[%clk 1:26:53]} 15. Bf4 {[%clk 0:59:14]}  Bxc3 {[%clk 1:20:47]} 16. bxc3 {[%clk 0:59:21]}  Qxc3 {[%clk 1:19:52]} 17. e5 {[%clk 0:56:34]}  Qc4 {[%clk 1:11:49]} 18. Bg3 {[%clk 0:56:18]}  dxe5 {[%clk 1:10:04]} 19. Bxe5 {[%clk 0:48:16]}  Nxe5 {[%clk 1:09:25]} 20. Nxe5 {[%clk 0:48:39]}  Qb5 {[%clk 1:00:11]} 21. Nc6 {[%clk 0:47:44]}  Re8 {[%clk 0:59:08]} 22. Rb1 {[%clk 0:24:07]}  Qc4 {[%clk 0:58:49]} 23. Rxe7 {[%clk 0:20:46]}  Rxe7 {[%clk 0:58:36]} 24. Nxe7+ {[%clk 0:21:01]}  Kf8 {[%clk 0:58:50]} 25. d6 {[%clk 0:15:13]}  Rd8 {[%clk 0:58:42]} 26. Nc6 {[%clk 0:15:07]} 1-0

[Event "45th FIDE Chess Olympiad Open"]
[Site "Budapest, Hungary"]
[Date "2024.09.21"]
[Round "10"]
[White "Piva, Michele"]
[Black "Whyms, Chapell"]
[Result "0-1"]
[Board "324"]
[WhiteFideId "11800453"]
[BlackFideId "10400125"]
[WhiteElo "1721"]
[BlackElo "1701"]
[WhiteTeam "San Marino"]
[BlackTeam "Bahamas"]
[WhiteClock "0:15:10"]
[BlackClock "0:10:10"]
[Variant "Standard"]

1. d4 {[%clk 1:30:55]}  Nf6 {[%clk 1:30:45]} 2. c4 {[%clk 1:31:19]}  g6 {[%clk 1:31:09]} 3. Nc3 {[%clk 1:31:43]}  Bg7 {[%clk 1:31:35]} 4. e4 {[%clk 1:31:58]}  d6 {[%clk 1:31:48]} 5. Be2 {[%clk 1:31:47]}  O-O {[%clk 1:31:36]} 6. h3 {[%clk 1:31:40]}  e5 {[%clk 1:27:53]} 7. d5 {[%clk 1:30:44]}  a5 {[%clk 1:28:02]} 8. a3 {[%clk 1:29:49]}  Nbd7 {[%clk 1:27:56]} 9. Be3 {[%clk 1:26:06]}  Nc5 {[%clk 1:24:47]} 10. Qc2 {[%clk 1:24:56]}  b6 {[%clk 1:25:03]} 11. Nf3 {[%clk 1:23:08]}  Bd7 {[%clk 1:25:18]} 12. Nd2 {[%clk 1:22:22]}  a4 {[%clk 1:19:28]} 13. O-O {[%clk 1:21:36]}  Ne8 {[%clk 1:19:28]} 14. f4 {[%clk 1:06:58]}  Nb3 {[%clk 0:55:16]} 15. Nxb3 {[%clk 1:05:06]}  axb3 {[%clk 0:55:41]} 16. Qd2 {[%clk 1:04:24]}  f5 {[%clk 0:53:50]} 17. Rf3 {[%clk 0:54:10]}  exf4 {[%clk 0:43:30]} 18. Bxf4 {[%clk 0:51:45]}  Bxc3 {[%clk 0:43:13]} 19. Qxc3 {[%clk 0:51:27]}  fxe4 {[%clk 0:43:16]} 20. Rf2 {[%clk 0:45:44]}  Qf6 {[%clk 0:40:48]} 21. Qxf6 {[%clk 0:44:24]}  Nxf6 {[%clk 0:41:03]} 22. Raf1 {[%clk 0:44:35]}  Kg7 {[%clk 0:27:01]} 23. Bg5 {[%clk 0:41:10]}  Ng8 {[%clk 0:09:27]} 24. Be3 {[%clk 0:39:55]}  Rxf2 {[%clk 0:09:46]} 25. Rxf2 {[%clk 0:40:03]}  Rf8 {[%clk 0:10:08]} 26. Bd4+ {[%clk 0:40:02]}  Nf6 {[%clk 0:09:00]} 27. Bd1 {[%clk 0:37:35]}  Ba4 {[%clk 0:08:37]} 28. Bg4 {[%clk 0:37:32]}  h5 {[%clk 0:08:09]} 29. Be6 {[%clk 0:37:34]}  g5 {[%clk 0:08:28]} 30. g3 {[%clk 0:33:55]}  Be8 {[%clk 0:08:17]} 31. Kg2 {[%clk 0:29:51]}  Kg6 {[%clk 0:08:41]} 32. Bf5+ {[%clk 0:29:46]}  Kh6 {[%clk 0:08:43]} 33. Bxe4 {[%clk 0:28:24]}  Nd7 {[%clk 0:08:55]} 34. Rxf8 {[%clk 0:25:39]}  Nxf8 {[%clk 0:09:18]} 35. Bf6 {[%clk 0:25:39]}  Nd7 {[%clk 0:09:17]} 36. Bd8 {[%clk 0:24:48]}  Ne5 {[%clk 0:09:40]} 37. Bxc7 {[%clk 0:22:55]}  Nxc4 {[%clk 0:09:59]} 38. Kf3 {[%clk 0:19:38]}  Nxb2 {[%clk 0:10:15]} 39. Bxd6 {[%clk 0:18:35]}  Nc4 {[%clk 0:10:39]} 40. Bb4 {[%clk 0:18:27]}  Bg6 {[%clk 0:09:35]} 41. Bc3 {[%clk 0:17:12]}  Nd2+ {[%clk 0:09:30]} 42. Bxd2 {[%clk 0:15:11]}  Bxe4+ {[%clk 0:09:44]} 43. Kxe4 {[%clk 0:15:10]}  b2 {[%clk 0:10:10]} 0-1

[Event "45th FIDE Chess Olympiad Open"]
[Site "Budapest, Hungary"]
[Date "2024.09.21"]
[Round "10"]
[White "McCoy, Tom"]
[Black "Kibrom Weldegebriel Beraki"]
[Result "1-0"]
[Board "326"]
[WhiteFideId "9100229"]
[BlackFideId "15701190"]
[WhiteTitle "CM"]
[BlackTitle "CM"]
[WhiteElo "1883"]
[BlackElo "1885"]
[WhiteTeam "Papua New Guinea"]
[BlackTeam "Eritrea"]
[WhiteClock "0:29:48"]
[BlackClock "0:38:23"]
[Variant "Standard"]

1. e4 {[%clk 1:30:54]}  c5 {[%clk 1:30:51]} 2. c3 {[%clk 1:31:17]}  Nf6 {[%clk 1:31:13]} 3. e5 {[%clk 1:30:57]}  Nd5 {[%clk 1:31:37]} 4. Nf3 {[%clk 1:31:17]}  Nc6 {[%clk 1:31:54]} 5. Bc4 {[%clk 1:31:30]}  Nc7 {[%clk 1:31:59]} 6. O-O {[%clk 1:29:15]}  d5 {[%clk 1:32:07]} 7. exd6 {[%clk 1:28:59]}  e6 {[%clk 1:31:54]} 8. dxc7 {[%clk 1:28:24]}  Qxc7 {[%clk 1:32:05]} 9. d4 {[%clk 1:28:15]}  cxd4 {[%clk 1:32:10]} 10. Nxd4 {[%clk 1:28:24]}  Ne5 {[%clk 1:32:22]} 11. Bb5+ {[%clk 1:27:39]}  Bd7 {[%clk 1:32:47]} 12. Bf4 {[%clk 1:26:57]}  Rd8 {[%clk 1:32:18]} 13. Qa4 {[%clk 1:22:26]}  a6 {[%clk 1:32:14]} 14. Bxd7+ {[%clk 1:22:39]}  Rxd7 {[%clk 1:32:42]} 15. Na3 {[%clk 1:21:55]}  Bd6 {[%clk 1:32:28]} 16. Rfe1 {[%clk 1:17:00]}  Nd3 {[%clk 1:28:18]} 17. Bxd6 {[%clk 1:17:04]}  Qxd6 {[%clk 1:28:37]} 18. Nf5 {[%clk 1:14:34]}  Qc5 {[%clk 1:27:23]} 19. Nxg7+ {[%clk 1:13:11]}  Kf8 {[%clk 1:25:43]} 20. Re3 {[%clk 1:04:03]}  Nxf2 {[%clk 1:17:20]} 21. Qb4 {[%clk 0:47:13]}  Qxb4 {[%clk 1:06:51]} 22. cxb4 {[%clk 0:47:09]}  Nd1 {[%clk 1:06:10]} 23. Re1 {[%clk 0:46:35]}  Nxb2 {[%clk 1:06:21]} 24. Nh5 {[%clk 0:45:37]}  Rd2 {[%clk 1:03:43]} 25. Rac1 {[%clk 0:41:42]}  Ke7 {[%clk 1:01:50]} 26. Rc7+ {[%clk 0:40:14]}  Rd7 {[%clk 1:01:08]} 27. Rec1 {[%clk 0:39:37]}  Rhd8 {[%clk 1:00:48]} 28. b5 {[%clk 0:37:22]}  Nd3 {[%clk 0:59:03]} 29. R1c4 {[%clk 0:32:57]}  e5 {[%clk 0:57:58]} 30. Ng3 {[%clk 0:31:58]}  Nf4 {[%clk 0:51:57]} 31. bxa6 {[%clk 0:30:20]}  bxa6 {[%clk 0:52:12]} 32. R4c6 {[%clk 0:26:02]}  h5 {[%clk 0:48:17]} 33. Nc4 {[%clk 0:24:36]}  f6 {[%clk 0:45:00]} 34. Nf5+ {[%clk 0:21:28]}  Kf7 {[%clk 0:44:18]} 35. Nfd6+ {[%clk 0:20:08]}  Kg6 {[%clk 0:42:01]} 36. Rxd7 {[%clk 0:19:53]}  Rxd7 {[%clk 0:42:25]} 37. Rxa6 {[%clk 0:19:30]}  h4 {[%clk 0:41:34]} 38. a4 {[%clk 0:19:28]}  h3 {[%clk 0:40:15]} 39. g3 {[%clk 0:19:24]}  Ne2+ {[%clk 0:40:21]} 40. Kf2 {[%clk 0:19:35]}  Nd4 {[%clk 0:40:24]} 41. a5 {[%clk 0:17:15]}  Nf5 {[%clk 0:39:34]} 42. Rb6 {[%clk 0:13:59]}  Nxd6 {[%clk 0:39:01]} 43. Rxd6 {[%clk 0:13:33]}  Rc7 {[%clk 0:38:49]} 44. Nxe5+ {[%clk 0:12:37]}  Kf5 {[%clk 0:38:43]} 45. Nc6 {[%clk 0:09:50]}  Rb7 {[%clk 0:38:47]} 46. Rd2 {[%clk 0:07:37]}  Rb1 {[%clk 0:38:23]} 47. a6 {[%clk 0:29:48]} 1-0

[Event "45th FIDE Chess Olympiad Open"]
[Site "Budapest, Hungary"]
[Date "2024.09.21"]
[Round "10"]
[White "Lilay Weldu Gebru"]
[Black "Jones, Rupert"]
[Result "1/2-1/2"]
[Board "327"]
[WhiteFideId "15701352"]
[BlackFideId "9100121"]
[BlackTitle "FM"]
[WhiteElo "1977"]
[BlackElo "1849"]
[WhiteTeam "Eritrea"]
[BlackTeam "Papua New Guinea"]
[WhiteClock "0:24:11"]
[BlackClock "0:06:53"]
[Variant "Standard"]

1. e4 {[%clk 1:30:51]}  d5 {[%clk 1:30:54]} 2. exd5 {[%clk 1:30:54]}  Nf6 {[%clk 1:31:17]} 3. d4 {[%clk 1:30:25]}  Bg4 {[%clk 1:31:15]} 4. Be2 {[%clk 1:28:47]}  Bxe2 {[%clk 1:31:28]} 5. Nxe2 {[%clk 1:29:06]}  Qxd5 {[%clk 1:30:34]} 6. O-O {[%clk 1:29:16]}  e6 {[%clk 1:28:12]} 7. Nbc3 {[%clk 1:27:40]}  Qd7 {[%clk 1:28:33]} 8. a3 {[%clk 1:27:32]}  Nc6 {[%clk 1:28:18]} 9. Bg5 {[%clk 1:26:30]}  Be7 {[%clk 1:27:58]} 10. Qd2 {[%clk 1:26:13]}  h6 {[%clk 1:22:58]} 11. Be3 {[%clk 1:22:30]}  Rd8 {[%clk 1:17:57]} 12. Rad1 {[%clk 1:22:25]}  O-O {[%clk 1:18:02]} 13. h3 {[%clk 1:22:23]}  Nd5 {[%clk 1:13:51]} 14. Nxd5 {[%clk 1:22:06]}  exd5 {[%clk 1:06:54]} 15. Qd3 {[%clk 1:18:13]}  Bf6 {[%clk 1:04:44]} 16. Ng3 {[%clk 1:17:55]}  Ne7 {[%clk 0:56:54]} 17. Nh5 {[%clk 1:13:41]}  Qc6 {[%clk 0:55:28]} 18. c3 {[%clk 1:08:33]}  Kh8 {[%clk 0:54:59]} 19. Rfe1 {[%clk 1:07:26]}  Ng8 {[%clk 0:54:52]} 20. Bf4 {[%clk 1:01:43]}  Rd7 {[%clk 0:47:41]} 21. Qg3 {[%clk 0:58:07]}  Kh7 {[%clk 0:44:47]} 22. Re2 {[%clk 0:56:23]}  g6 {[%clk 0:44:17]} 23. Qd3 {[%clk 0:55:00]}  Bd8 {[%clk 0:37:13]} 24. Rde1 {[%clk 0:51:22]}  Re7 {[%clk 0:36:04]} 25. Be5 {[%clk 0:42:22]}  f6 {[%clk 0:29:24]} 26. Bh2 {[%clk 0:38:31]}  Rxe2 {[%clk 0:28:28]} 27. Rxe2 {[%clk 0:38:50]}  Re8 {[%clk 0:28:37]} 28. Nf4 {[%clk 0:38:50]}  f5 {[%clk 0:22:51]} 29. Rxe8 {[%clk 0:38:40]}  Qxe8 {[%clk 0:23:20]} 30. Nxd5 {[%clk 0:38:48]}  Qe1+ {[%clk 0:23:47]} 31. Qf1 {[%clk 0:39:06]}  Qd2 {[%clk 0:23:15]} 32. Qb1 {[%clk 0:39:12]}  c6 {[%clk 0:20:47]} 33. Ne3 {[%clk 0:36:40]}  Bg5 {[%clk 0:15:32]} 34. Nc4 {[%clk 0:33:39]}  Qe2 {[%clk 0:15:28]} 35. Ne5 {[%clk 0:31:22]}  Nf6 {[%clk 0:13:38]} 36. Bg3 {[%clk 0:30:06]}  Ne4 {[%clk 0:13:18]} 37. Qa2 {[%clk 0:29:26]}  Nd6 {[%clk 0:07:05]} 38. Qe6 {[%clk 0:25:40]}  f4 {[%clk 0:06:29]} 39. Qxg6+ {[%clk 0:24:07]}  Kh8 {[%clk 0:06:48]} 40. Bxf4 {[%clk 0:23:39]}  Qe1+ {[%clk 0:06:30]} 41. Kh2 {[%clk 0:23:41]}  Bxf4+ {[%clk 0:06:41]} 42. g3 {[%clk 0:23:48]}  Qxf2+ {[%clk 0:06:33]} 43. Kh1 {[%clk 0:24:11]}  Qf1+ {[%clk 0:06:53]} 1/2-1/2